000 00374pam a2200157a 44500
008 230515b2012 xxu||||| |||| 00| 0 eng d
020 _aNULL
041 _aENGLISH
082 _a610/BAIL
100 _aBAILOOR DURGESH
245 _aMANAGEMENT OF MEDICALLY COMPROMISED DENTAL PATIENT
250 _a1ST
260 _a
_bC B S PUB
_c2012
300 _a256
650 _aNULL
999 _c563518
_d563518